Kamba folklore : with linguistic, ethnographical and comparative notes /

محفوظ في:

المؤلف الرئيسي: Lindblom, Gerhard, 1887-1969 (مؤلف)

التنسيق: كتاب

اللغة: English
Kamba

سلاسل: Archives d'études orientales ; 20.

الموضوعات:

الوسوم: إضافة وسم

لا توجد وسوم, كن أول من يضع وسما على هذه التسجيلة!

رقم الطلب: PL8351.Z73 L5 v.1

LEADER 01235namaa2200313 4500
001 15845
003 OSt
005 20201110114746.0
008 130303m19289999sw g 000 0 eng d
952 |0 0  |1 0  |2 lcc  |3 V.1  |4 0  |6 PL8351 Z73 L5 V.00001  |7 1  |9 7528  |a ARCE  |b ARCE  |d 2020-11-10  |l 0  |o PL8351.Z73 L5 v.1  |p 1039866  |r 2020-11-10 00:00:00  |w 2020-11-10  |y BK 
999 |c 15615  |d 15615 
040 |c ARCE Library 
041 1 |a eng  |a kam 
043 |a f-ke--- 
050 0 4 |a PL8351.Z73 L5 v.1 
100 1 |a Lindblom, Gerhard,  |d 1887-1969,  |e author  |9 34801 
245 1 0 |a Kamba folklore :  |b with linguistic, ethnographical and comparative notes /  |c by Gerhard Lindblom. 
264 1 |a Uppsala :  |b Appelbergs boktryckeri aktiebolag,  |c 1928- 
300 |a volume <1> ;   |c 25 cm. 
336 |a text  |b txt  |2 rdacontent 
337 |a unmediated  |b n  |2 rdamedia 
338 |a volume  |b nc  |2 rdacarrier 
490 1 |a Archives d'études orientales ;   |v 20. 
505 1 |g [Volume] 1.  |t Tales of animals --  |g [volume] 2.  |t Tales of supernatural beings and adventures --  |g [volume] 3.  |t Riddles, proverbs and songs. 
546 |a Kamba and English. 
650 0 |a Kamba (African people)  |x Folklore. 
830 0 |a Archives d'études orientales ;   |v 20. 
901 |a reviewed 
942 |c BK  |2 lcc